000
00306nam a2200109Ia 4500
008
171205s9999 xx 000 0 und d
020
_a
9789715428019
100
_a
Jose, F. Sionil.
245
_c
F. Sionil Jose
_a
Selected Stories
260
_b
University of the Philippines Press
_c
2016
300
_a
257 pages
999
_c
347351
_d
347351